Statystyki dla 15 Najbardziejzaludnionych miast w wojewódstwie pomorskim

Kliknij tutaj aby rozwiązać quiz!

Ogólne statystyki

  • Ten quiz został rozwiązany 39 razy
  • Średni wynik to 11 z 15

Statystyki odpowiedzi

PopulacjaOdpowiedź% Poprawnych
486 345Gdańsk
100%
242 874Gdynia
100%
32 276Sopot
100%
57 394Tczew
83%
46 446Wejherowo
83%
86 365Słupsk
80%
37 050Malbork
69%
52 634Rumia
69%
28 506Reda
66%
45 626Starogard Gdański
63%
38 934Chojnice
60%
23 406Kościerzyna
60%
34 157Lębork
57%
37 175Kwidzyn
54%
32 031Pruszcz Gdański
51%

Rozkład punktacji

Percentyl według liczby udzielonych odpowiedzi

Procent ludzi z każdym wynikiem

Twoja historia wyników

Nie rozwiązałeś tego quizu